Score 0/32 Timer 03:00
0 Plays Today
Clue 4-Letter Word % Correct
Game with 18 holesGOLF
93.8%
• Sonic ___• BOOM •
92.4%
Horse's footHOOF
92.2%
• An owl noise or a fun time •• HOOT •
92%
The giver of the partyHOST
90.4%
Mistake or blunderGOOF
88%
• Repeated sound a car horn makes •• BEEP •
87.7%
Machine used to weave clothLOOM
86.5%
Not upDOWN
85.1%
Root vegetable Dwight grows on his farmBEET
84.6%
Mr. Connery, Mr. Penn or Mr. BeanSEAN
84%
The premium or optimum of somethingBEST
83.7%
The joint between two pieces of clothSEAM
83.2%
Start of the dayDAWN
83%
To appear to beSEEM
82.1%
Upright supportPOST
81.5%
Clue 4-Letter Word % Correct
Annoying personPEST
81.3%
Canis lupusWOLF
78.8%
• #2 to a little kid •• POOP •
78%
Dribble throughSEEP
78%
• The sound of disappearance •• POOF •
76.3%
• The sound of a small bell ringing •• DING •
76%
Repeated routine in computer programmingLOOP
75.9%
• Sound from a Scottie or Saluki •• WOOF •
75.9%
• A sharp metallic sound, like on a sonar •• PING •
75.8%
Table tennis, with previous wordPONG
75.1%
Rude or inconsiderateMEAN
73.6%
Cartoon canine: Deputy ____DAWG
73.5%
Mild curse wordDANG
72.3%
Like a lawn looking its bestMOWN
66.6%
• Carp or grumble •• MOAN •
64.8%
• Large circular instrument with a mallet •• GONG •
58.6%

Today's Daily Dose

Remove Ads.
Support Sporcle.
Get the best of Sporcle when you Go Orange. This ad-free experience offers more features, more stats, and more fun while also helping to support Sporcle. Thank you for becoming a member.

You're not logged in!

Compare scores with friends on all Sporcle quizzes.
OR
Log In

Show Comments

Extras

Top Quizzes Today


Score Distribution

Your Account Isn't Verified!

In order to create a playlist on Sporcle, you need to verify the email address you used during registration. Go to your Sporcle Settings to finish the process.

Report this User

Report this user for behavior that violates our Community Guidelines.

Details: